Moral measures : an introduction to ethics, West and East

Bibliographic Details
Main Author: Tiles, J. E. (Author)
Format: Book
Language:English
Published: London New York : Routledge 2000.
Subjects:

MARC

LEADER 00000cam a2200000 7i4500
001 0000028548
005 20241122.0
008 190530 -uk eng
020 |a 0415224969 
040 |a INS   |b eng   |e rda 
090 0 0 |a BJ1012   |b .T55 2000 
100 1 |a Tiles, J. E. ,   |e author 
245 1 0 |a Moral measures :   |b an introduction to ethics, West and East   |c J. E. Tiles 
264 1 |a London   |a New York :   |b Routledge   |c 2000. 
300 |a xii, 334 pages ;   |c 24 cm. 
336 |a text  |2 rdacontent 
337 |a unmediated  |2 rdamedia 
338 |a volume  |2 rdacarrier 
650 0 |a Ethics 
999 |a 1000003823   |b BOOK   |c Open Shelf   |e Default branch 
999 |a 1000003978   |b BOOK   |c Open Shelf   |e Default branch